| 000 | 00557nam a22001697a 4500 | ||
|---|---|---|---|
| 005 | 20250829140427.0 | ||
| 008 | 090204c xxu||||| |||| 00| 0 eng d | ||
| 022 | _a0970-9819 | ||
| 082 | _a418.02 | ||
| 245 | _aInternational journal of translation | ||
| 260 |
_aNew Delhi _bBahri Publications _c2008- |
||
| 270 |
_a1749A/5, Ist Floor, Gobindpuri Extension, _bNew Delhi _e110019 _k65810766 _l26038606 _mbahrius@vsnl.com |
||
| 300 |
_av. _c22 cm |
||
| 310 | _aHalf-yearly | ||
| 650 |
_aTranslation _984425 |
||
| 942 |
_2ddc _cSR _h418.02 _mINT _s1 |
||
| 999 |
_c22998 _d22998 |
||